01315nam a2200337 a 4500001001200000003000800012006001900020007001500039008004100054020001800095020001800113020002700131040002100158035002100179050002300200245014900223260003800372300001100410440002800421504005100449533015200500600006300652650001500715650002400730655002900754700001500783700001900798710001700817856012600834999001700960ebr10728795CaPaEBRm o u cr cn|||||||||130717s2009 gw sb 001 0deng d z9783868380187 z9783110327465 z9783110327854 (e-book) aCaPaEBRcCaPaEBR a(OCoLC)85418556614aBD511b.C74 2009eb00aCreativity and its discontentsh[electronic resource] :bthe response to Whitehead's Process and reality /cAlan Van Wyk and Michel Weber (eds). aFrankfurt :bOntos Verlag,c2009. a250 p. 0aProcess thought ;vv. 9 aIncludes bibliographical references and index. aElectronic reproduction.bPalo Alto, Calif. :cebrary,d2013.nAvailable via World Wide Web.nAccess may be limited to ebrary affiliated libraries.10aWhitehead, Alfred North,d1861-1947.tProcess and reality. 0aCosmology. 0aProcess philosophy. 7aElectronic books.2local1 aWyk, Alan.1 aWeber, Michel.2 aebrary, Inc.40uhttp://site.ebrary.com/lib/rucke/Doc?id=10728795zAn electronic book accessible through the World Wide Web; click to view c37354d37354